|
|
|
|
| LEADER |
00000nab a2200000 a 4500 |
| 001 |
vtls000144449 |
| 003 |
SK-MaSNL |
| 005 |
20260304230729.0 |
| 008 |
150202c1982 xo 0 slo |
| 015 |
|
|
|a SNBRB19rr/mm-uuuuu
|
| 035 |
|
|
|a CL0154556
|
| 040 |
|
|
|a SNKBUCL
|b slo
|c SNKBUCL
|e AACR2
|
| 041 |
0 |
|
|a slo
|
| 044 |
|
|
|a xo
|c SK
|
| 080 |
|
|
|a 82:08
|2 1981
|
| 080 |
|
|
|a 08
|2 1981
|
| 080 |
|
|
|a 655.5
|2 1981
|
| 100 |
1 |
|
|a Hupka, Gustáv,
|d 1925-2012
|4 aut
|9 97597
|
| 245 |
1 |
0 |
|a Kniha a človek
|c Gustáv Hupka, Ondrej Človieček
|
| 650 |
0 |
7 |
|a vydavateľstvá slovenské
|2 snkbucl
|9 922208
|
| 650 |
0 |
7 |
|a knižná kultúra
|2 snkbucl
|9 31235
|
| 655 |
|
7 |
|a články z novín a časopisov
|2 snkbucl
|9 267496
|
| 655 |
|
7 |
|a články z odboru knihovníctvo
|2 snkbucl
|9 166141
|
| 655 |
|
7 |
|a články z odboru literárna veda a krásna literatúra
|2 snkbucl
|9 770045
|
| 700 |
1 |
|
|a Človieček, Ondrej
|4 aut
|9 383363
|
| 773 |
0 |
|
|t Nová cesta
|g Roč. 4, č. 11 (1982), s. 22-23
|
| 850 |
|
|
|a Slovenská národná knižnica v Martine
|a MTA001
|
| 852 |
|
|
|a SNK
|b KIS3GCP
|
| 958 |
|
|
|a RK
|
| 958 |
|
|
|a KL
|
| 958 |
|
|
|a LX
|
| 992 |
|
|
|a RBX
|
| 999 |
|
|
|c 3184665
|d 3186595
|